Fiškálna politika a akciové trhy
Úloha fiškálnej politiky vo vzťahu k akciovému trhu. Nástroje rovnováhy v ekonomike. Nastavenie daňového zaťaženia. Súvislosť medzi zmenou daňového zaťaženia a akciovým indexom. Fiškálne impulzy a zadlženosť. Očakávania v Európe.
Salvato in:
| Autore principale: | |
|---|---|
| Natura: | Capitolo di libro |
| Lingua: | slovacco |
| Soggetti: | |
| Tags: |
Nessun Tag, puoi essere il primo ad aggiungerne!!
|
MARC
| LEADER | 00000nla$a2200000$$$4500 | ||
|---|---|---|---|
| 001 | 0116812 | ||
| 005 | 20240502072312.0 | ||
| 041 | 0 | |a slo | |
| 044 | |a SK | ||
| 245 | 1 | 0 | |a Fiškálna politika a akciové trhy |c Božena Chovancová |
| 520 | |a Úloha fiškálnej politiky vo vzťahu k akciovému trhu. Nástroje rovnováhy v ekonomike. Nastavenie daňového zaťaženia. Súvislosť medzi zmenou daňového zaťaženia a akciovým indexom. Fiškálne impulzy a zadlženosť. Očakávania v Európe. | ||
| 610 | 2 | 0 | |a politika rozpočtová |
| 610 | 2 | 0 | |a deficit rozpočtový |
| 610 | 2 | 0 | |a príjmy rozpočtu štátneho |
| 610 | 2 | 0 | |a nástroje finančné |
| 610 | 2 | 0 | |a zaťaženie daňové |
| 610 | 2 | 0 | |a dlhy štátne |
| 610 | 2 | 0 | |a dlhy verejné |
| 610 | 2 | 0 | |a inflácia |
| 100 | 1 | |a Chovancová, Božena | |